00626nam a2200121Ia 4500008004100000040004400041100003000085245011700115260006800232300001800300500013000318600005600448180412s9999||||xx |||||||||||||| ||und|| aAhmadu Bello University Library - Zaria aWAMMANDA, Robinson Daniel 0aLeukocyte esterase-nitrite dipstick in detecting urinary tract infections in children.cRobinson Daniel Wammanda aZaria.bAhmadu Bello University Teaching Hospital (ABUTH)c1998 ax, 68p.; ill. aIncludes bibliographical references. ''FW ACP Paed. Dessertation submitted to the West African Postgraduate Medical College'' aDiseases of children. Mental diseases See UTX, UXP.